000 00638nam a22002537a 4500
003 UA-OsUOA
001 28422
007 ta
008 20050323b un ||||| |||| 00| 0 ukr d
100 _aМаккарти Линда
090 _a004.056
_bМ15
942 _cBK
040 _aUA-OsUOA
_brus
_cUA-OsUOA
_dUA-OsUOA
245 _aIT-безопасность
_bстоит ли рисковать корпорацией?
300 _a208 с.
955 _a0
041 _arus
080 _a004.056
020 _a5-9579-0013-3
260 _aМ.
_bКУДИЦ-ОБРАЗ
_c2004
044 _aRU
650 7 _2UDC
999 _c314789
_d314789